000 02741nam a2201105 a 4500
003 PE-LiUPU
005 20250813185653.0
008 100226s2003 per g 00010 spa
040 _aPE-LiUPU
_bspa
_cPE-LiUPU
_dPE-LiUPU
_erda
082 0 4 _223
_a371.26
_bA553e
100 2 _aAndrade Díaz, Elba María,
_d1972-
245 1 0 _aEvaluar para aprender, aprender para evaluar /
_cElba María Andrade Díaz.
250 _aPrimera edición
264 _aLima :
_bInstituto de Pedagogía Popular,
_c2003.
300 _a157 página :
_bilustrado ;
_c23 centpimetros.
504 _aBibliografía: p. 155-157.
505 _aAspectos generales de la evaluación -- Evaluación educativa -- Etapas de la evaluación educativa -- Tipos de evaluación educativa -- Funciones de la evaluación educativa --Momentos de la evaluación educativa -- Evaluación del aprendizaje -- Instrumentos de evaluación Evaluación alternativa del aprendizaje -- Diseño y planificación de la evaluación.
526 _aP202
526 _aP201
526 _aP163
526 _aP162
526 _aP161
526 _aP160
526 _aP148
526 _aP147
526 _aP146
526 _aP145
526 _aP144
526 _aP143
526 _aP142
526 _aP141
526 _aP140
526 _aP139
526 _aP138
526 _aP137
526 _aP136
526 _aP135
526 _aP134
526 _aP133
526 _aP129
526 _aP128
526 _aP127
526 _aP120
526 _aP119
526 _aP118
526 _aP116
526 _aP115
526 _aP114
526 _aP110
526 _aP109
526 _aP108
526 _aP104
526 _aP103
526 _aP102
526 _aP99
526 _aP98
526 _aP97
526 _aP96
526 _aP95
526 _aP93
526 _aP90
526 _aP89
526 _aP88
526 _aP83
526 _aP82
526 _aP62
526 _aP59
526 _aP58
526 _aP57
526 _aP51
526 _aP49
526 _aP48
526 _aP47
526 _aP29
526 _aP24
526 _aP20
526 _aP19
526 _aP17
526 _aP15
526 _aP14
526 _aP12
526 _aP10
526 _aP09
526 _aP08
526 _aP07
526 _aP06
526 _aP05
526 _aP04
526 _aP01
650 _aMediciones y pruebas educativas.
650 _aAprendizaje
_xEvaluación.
710 2 _aInstituto de Pedagogía Popular (Lima)
942 _2ddc
_cBK
_n0
980 _618226
_aJaime Vilcazán Jefe de Análisis Documental
_81
_gALBERTO SANCHEZ Responsable de Automatización
999 _c61777
_d61777